000 00437nam a22001697a 4500
005 20250426123239.0
008 250426b |||||||| |||| 00| 0 eng d
041 _amar
082 _a891.46
_bKUL B22602
100 _aKulkarni M S
_9211664
245 _aKonarkcha Kalasaddhyay
260 _aPune
_bBharatiya Vichar Sadhana Prakashan
_c2019
300 _a40p
500 _aMarathi Literature
500 _aLiterature
942 _cBK
999 _c365989
_d365989